| 000 | 00496cam a22002051 4500 | ||
|---|---|---|---|
| 001 | 277959 | ||
| 005 | 20180309071206.0 | ||
| 008 | 730213s1963 nyua b 000 0 eng | ||
| 010 | _a 61013168 | ||
| 040 |
_aDLC _cDLC _dDLC |
||
| 041 | _aeng | ||
| 080 | _a660.83 PER | ||
| 082 | 0 | 0 | _a660.83 PER |
| 100 | _a12 | ||
| 101 | _aKIM | ||
| 245 | 0 | 0 | _aChemical engineers' handbook. |
| 504 | _aIncludes bibliographies. | ||
| 906 |
_a7 _bcbc _corignew _du _eocip _f19 _gy-gencatlg |
||
| 942 |
_2ddc _cBK |
||
| 999 |
_c44566 _d44566 |
||